| 000 | 00447nam a2200157 i 4500 | ||
|---|---|---|---|
| 001 | 79776 | ||
| 003 | ES-MaACL | ||
| 005 | 20230906174041.0 | ||
| 007 | t| | ||
| 008 | 041025s1960 sp ||||1| spa d | ||
| 100 | 1 |
_aHerrero Antolina, Antonio. _963294 |
|
| 245 | 1 | 0 |
_aCapitán de juventudes / _cpor Antonio Herrero Antolina. |
| 260 |
_aOndarroa (Vizcaya) : _bLiber, _c[1960] |
||
| 300 |
_a142 p. ; _c20 cm. |
||
| 852 |
_aES-MaACL _jC-19102 _bR.46805 |
||
| 999 |
_c79776 _d79776 |
||